Economic zoology (Record no. 395075)

MARC details
000 -LEADER
fixed length control field 00434 a2200181 4500
005 - DATE & TIME
control field 20260421155044.0
008 - FIXED-LENGTH DATA ELEMENTS--GENERAL INFORMATION
fixed length control field 260421b |||||||| |||| 00| 0 eng d
020 ## - ISBN
International Standard Book Number 9789392434273
Price Rs. 1850.00
040 ## - CATALOGING SOURCE
Original cataloging agency VIVEKANANDA LIBRARY
082 ## - DDC NUMBER
Classification number 591.6
Book Number M278E
100 ## - MAIN ENTRY--PERSONAL NAME
Personal name Maharia, Vivek Singh
245 ## - TITLE STATEMENT
Title Economic zoology
260 ## - PUBLICATION, DISTRIBUTION, ETC. (IMPRINT)
Name of publisher, distributor, etc R Publications
Date of publication, distribution, etc 2024
Place of publication, distribution, etc Jaipur
300 ## - PHYSICAL DESCRIPTION
Pages 256
650 ## - Subject
Subject Zoology
650 ## - Subject
Subject Animals
942 ## - ADDED ENTRY ELEMENTS (KOHA)
Koha item type Books
Holdings
Withdrawn status Lost status Source of classification or shelving scheme Damaged status Not for loan Location (home branch) Sublocation or collection (holding branch) Shelving location Date acquired Koha issues (times borrowed) Koha full call number Accession No. Koha date last seen Koha item type
    Dewey Decimal Classification     VIVEKANANDA LIBRARY VIVEKANANDA LIBRARY Vivekananda Library 28/01/2026   591.6 M278E 444824 28/01/2026 Books
© Designed and Maintained by Vivekananda Library, MDU Rohtak